000
00284nam a22000977a 4500
003
SGT
245
_a
Indian Journal of Dental Research
260
_b
Sage Publisher
_c
2008-2014,20172020
300
_a
990,480,990,860,400,350,710,496,850,850,650,650,820,890,625,625,520,370
942
_2
ddc
_c
BV
999
_c
30199
_d
30199